000 00288nam a22001217a 4500
008 170529b xxu||||| |||| 00| 0 eng d
041 _aeng
080 _a94(7/8)
100 _a16
101 _aSHH
245 _aEMPLOYMENT AND LABOR FORCE IN LATIN AMERICA
_cBUTTARI,J.J
942 _2udc
_cBK
999 _c14973
_d14973